| 000 | 00537nab a2200145Ia 4500 | ||
|---|---|---|---|
| 003 | ES-SlBCS | ||
| 005 | 20210601133740.0 | ||
| 008 | 140529s2007 xxu||||| |||| 00| 0 por d | ||
| 041 | _apor | ||
| 100 | 1 |
_aPereira Leite, César Donizetti _9209175 |
|
| 245 | 0 | 0 |
_aSaberes e poderes: proposiçoes e provocaçoes a partir da infância, da escola e da formaçao docente _c César Donizetti Pereira Leite |
| 650 | 0 | 4 |
_aEducación-Escuela _9209176 |
| 773 | 0 |
_tEducaçao e Filosofia _gvol. 21, nº. 41, 2007, págs. 155-168 _wRev1534 |
|
| 942 | _cAR | ||
| 999 |
_c601489 _d601489 |
||